书目信息 |
| 题名: |
修波(shearlet)的理论及应用
|
|
| 作者: | 邸继征 著 | |
| 分册: | ||
| 出版信息: | 北京 科学出版社 2014.12 |
|
| 页数: | 14,233页 | |
| 开本: | 24cm | |
| 丛书名: | 浙江省级重点学科应用数学教学改革与科学研究丛书 | |
| 单 册: | ||
| 中图分类: | O174.22 | |
| 科图分类: | ||
| 主题词: | 小波理论 | |
| 电子资源: | ||
| ISBN: | 978-7-03-042792-2 | |
| 000 | 00899nam0 2200253 450 | |
| 001 | 0400003767 | |
| 005 | 20171022135721.0 | |
| 010 | @a978-7-03-042792-2@dCNY59.00 | |
| 100 | @a20150712e20162014em y0chiy50 ea | |
| 101 | 0 | @achi |
| 102 | @aCN@b110000 | |
| 105 | @ay z 001yy | |
| 106 | @ar | |
| 200 | 1 | @a修波(shearlet)的理论及应用@9xiu bo (shearlet) de li lun ji ying yong@f邸继征著 |
| 210 | @a北京@c科学出版社@d2014.12@h2016.1 | |
| 215 | @a14,233页@d24cm | |
| 225 | 1 | @a浙江省级重点学科应用数学教学改革与科学研究丛书 |
| 330 | @a全书共六章。先介绍框架,包括一元小波框架和修波框架,在此基础上讲述修波的构造和应用,其核心内容是最新的有关修波的研究成果。 | |
| 461 | 0 | @12001 @a浙江省级重点学科应用数学教学改革与科学研究丛书 |
| 606 | 0 | @a小波理论 |
| 690 | @aO174.22@v5 | |
| 701 | 0 | @a邸继征@9di ji zheng@f(1955-)@4著 |
| 801 | 0 | @aCN@b91MARC@c20171022 |
| 905 | @b1023135-9@dO174.22@f5@e225 | |
| 修波(shearlet)的理论及应用/邸继征著.-北京:科学出版社,2014.12(2016.1) |
| 14,233页;24cm.-(浙江省级重点学科应用数学教学改革与科学研究丛书) |
| ISBN 978-7-03-042792-2:CNY59.00 |
| 全书共六章。先介绍框架,包括一元小波框架和修波框架,在此基础上讲述修波的构造和应用,其核心内容是最新的有关修波的研究成果。 |
| ● |
| 相关链接 |
|
|
|
|
正题名:修波(shearlet)的理论及应用
索取号:O174.22/225
 
预约/预借
| 序号 | 登录号 | 条形码 | 馆藏地/架位号 | 状态 | 备注 |
| 1 | 1023135 | 210231355 | 第二样本阅览室/ [索取号:O174.22/225] | 在馆 | |
| 2 | 1023136 | 210231364 | 数信系资料室/ [索取号:O174.22/225] | 在馆 | |
| 3 | 1023137 | 210231373 | 第三借阅区/ [索取号:O174.22/225] | 在馆 | |
| 4 | 1023138 | 210231382 | 第三借阅区/ [索取号:O174.22/225] | 在馆 | |
| 5 | 1023139 | 210231391 | 第三借阅区/ [索取号:O174.22/225] | 在馆 |